00549nam a22001572 4500001001100000005001700011008004100028020003000069040001500099100002900114245010900143260005500252300001500307650003700322650003200359000000719020151217152025.0071128s xx 000 0 eng d a1403996282 :cKES 7312.50 aKABUcKABU1 aTily, Geoff.@000015829410aKeynes's general theory, the rate of interet and 'Keynesian' economics :bKeynes betrayed /cGeoff Tily. aBasingstoke, England :bPalgrave Macmillan,c2007. ax, 346 p. 0aKeynesian economics.@0000150174 0aMacroeconomics.@0000149933